| 000 | 00659nam a22001577a 4500 | ||
|---|---|---|---|
| 003 | OSt | ||
| 005 | 20151203103005.0 | ||
| 008 | 151203b xxu||||| |||| 00| 0 eng d | ||
| 040 | _cRUA | ||
| 082 | _aFIS MIE 2007 B178 Or.1 | ||
| 100 |
_94198 _aMIECH SOKRA; មៀច សុខរ៉ា |
||
| 245 | _aIntensive shrimp culture in angkor farm, sihanouk ville, ការចិញ្ចឹមបង្គាខ្លឹងលក្ខណៈប្រពលវប្បកម្មនៅកសិដ្ខានអង្គរ ក្រុងព្រះសីហនុ, | ||
| 260 |
_aPhnom Penh _bRUA _c2007 |
||
| 300 |
_avii; 41p. _bill. _c29cm. |
||
| 942 |
_2ddc _cFOR |
||
| 999 |
_c3913 _d3913 |
||